Online Catalogue and eLibrary

The multiple dimensions of child povery in Sri Lanka : (Record no. 2872)

MARC details
000 -LEADER
fixed length control field 00457nam a2200169Ia 4500
005 - DATE AND TIME OF LATEST TRANSACTION
control field 20240603233922.0
008 - FIXED-LENGTH DATA ELEMENTS--GENERAL INFORMATION
fixed length control field 240331s9999 xx 000 0 und d
020 ## - INTERNATIONAL STANDARD BOOK NUMBER
ISBN 9789551040451
082 ## - DDC Classification
Item Number - Author Mark REM
Class No. 362
100 ## - MAIN ENTRY--PERSONAL NAME
Personal name Remnant,F
245 #4 - TITLE STATEMENT
Title The multiple dimensions of child povery in Sri Lanka :
Remainder of title a literature review
250 ## - EDITION STATEMENT
Edition statement 1 st
260 ## - PUBLICATION, DISTRIBUTION, ETC.
Place of publication, distribution, etc. Colombo
Name of publisher, distributor, etc. Center for Poverty Analysis
Date of publication, distribution, etc. 2008
300 ## - PHYSICAL DESCRIPTION
Extent (e.g. Volumes, Pages etc.) 287 p.,
650 ## - SUBJECT ADDED ENTRY--TOPICAL TERM
Topical term or geographic name entry element Poverty
942 ## - Koha item type (Biblio)
Koha item type Books in Stacks (Lending)
Holdings
Lost status Damaged status Collection code Home library Current library Shelving location Date acquired Full call number Accession Number Item type
    Lending WERC Library WERC Library Social Science Cupboard 03/31/2024 362.50 REM 6209 Books in Stacks (Lending)

© WERC Library